|
|
|
|
| LEADER |
00000nab a2200000 a 4500 |
| 001 |
vtls000354069 |
| 003 |
SK-MaSNL |
| 005 |
20260303161448.0 |
| 008 |
230223c1988 xo 0 slo |
| 015 |
|
|
|a SNBRA19rr/mm-uuuuu
|
| 035 |
|
|
|a CL0354191
|
| 035 |
|
|
|a urn:nbn:sk:snk-aba9f0
|
| 035 |
|
|
|a (urnnbn)urn:nbn:sk:snk:ar-a09lot
|
| 035 |
|
|
|a (uuid)f8857def-9206-4614-8f4f-2a7953612d2a
|
| 040 |
|
|
|a SNKBUCL
|b slo
|c SNKBUCL
|e AACR2
|
| 041 |
0 |
|
|a slo
|
| 044 |
|
|
|a xo
|c SK
|
| 080 |
|
|
|a 630 52:681.3
|2 1981
|
| 080 |
|
|
|a 681.3
|2 1981
|
| 100 |
1 |
|
|a Tuhársky, Juraj
|4 aut
|9 7000
|
| 245 |
1 |
0 |
|a Automatické meranie hrúbok kmeňov pri výrobe sortimentov na skladoch dreva s využitím počítača
|c Juraj Tuhársky
|
| 300 |
|
|
|b Obr. 8. Res. angl., rus., nem., lit. 9 zázn. v slov.
|
| 650 |
0 |
7 |
|a drevo
|2 snkbucl
|9 3560
|
| 650 |
0 |
7 |
|a kmene stromov
|2 snkbucl
|9 86081
|
| 650 |
0 |
7 |
|a počítače
|2 snkbucl
|9 2027
|
| 655 |
|
7 |
|a články zo zborníkov
|2 snkbucl
|9 166140
|
| 773 |
0 |
|
|t Acta Facultatis forestalis Zvolen 30
|d Bratislava : Príroda, 1988
|g S. 203-217
|
| 850 |
|
|
|a Slovenská národná knižnica v Martine
|a MTA001
|
| 852 |
|
|
|a SNK
|b KIS3GCP
|
| 954 |
|
|
|a odborná, vedecká literatúra pôvodná (slovenská)
|2 lita
|
| 958 |
|
|
|a NB
|
| 958 |
|
|
|a RK
|
| 958 |
|
|
|a OND
|
| 958 |
|
|
|a EUIPO
|
| 958 |
|
|
|a article13
|
| 992 |
|
|
|a RZB
|
| 999 |
|
|
|c 2049384
|d 2051314
|